000 00551nam a2200193Ia 4500
003 OSt
005 20260128155613.0
008 210210b1929 xxu||||| |||| 00| 0 eng d
040 _aAL
_c
041 _aKannada
082 _a853/473
100 _aSHRIKANTAYYA (B M)
_926613
_dಶ್ರೀಕಂಠಯ್ಯ (ಬಿ ಎಂ)
245 _aAshvatthaman
_bಅಶ್ವತ್ಥಾಮನ್
260 _aBengaluru
_bKarnataka Sangha
_c1929
650 _aAshvatthaman
_926614
690 _aKannada Drama
_926615
906 _a019747
942 _2ddc
_cBK
999 _c143888
_d143888